| 000 -LEADER |
| fixed length control field |
00895 a2200301 4500 |
| 003 - CONTROL NUMBER IDENTIFIER |
| control field |
NUST |
| 005 - DATE AND TIME OF LATEST TRANSACTION |
| control field |
20180117111556.0 |
| 008 - FIXED-LENGTH DATA ELEMENTS--GENERAL INFORMATION |
| fixed length control field |
180117b xxu||||| |||| 00| 0 eng d |
| 020 ## - INTERNATIONAL STANDARD BOOK NUMBER |
| International Standard Book Number |
0521812607 |
| 020 ## - INTERNATIONAL STANDARD BOOK NUMBER |
| International Standard Book Number |
9780521812603 |
| 040 ## - CATALOGING SOURCE |
| Transcribing agency |
NUST |
| 082 04 - DEWEY DECIMAL CLASSIFICATION NUMBER |
| Classification number |
530.11 |
| 100 1# - MAIN ENTRY--PERSONAL NAME |
| Personal name |
Schwarz, Patricia M. |
| 9 (RLIN) |
8495 |
| 245 10 - TITLE STATEMENT |
| Title |
Special relativity : |
| Remainder of title |
from einstein to strings / |
| Statement of responsibility, etc. |
Patricia M. Schwarz. |
| 260 ## - PUBLICATION, DISTRIBUTION, ETC. |
| Place of publication, distribution, etc. |
[S.l.] : |
| Name of publisher, distributor, etc. |
Cambridge University Press, |
| Date of publication, distribution, etc. |
2004. |
| 300 ## - PHYSICAL DESCRIPTION |
| Extent |
388 p. ; |
| Dimensions |
26 cm. |
| 500 ## - GENERAL NOTE |
| General note |
Hardcover. |
| 650 #4 - SUBJECT ADDED ENTRY--TOPICAL TERM |
| Topical term or geographic name entry element |
Science/Mathematics. |
| 9 (RLIN) |
8496 |
| 650 #4 - SUBJECT ADDED ENTRY--TOPICAL TERM |
| Topical term or geographic name entry element |
Physics. |
| 9 (RLIN) |
190 |
| 650 #4 - SUBJECT ADDED ENTRY--TOPICAL TERM |
| Topical term or geographic name entry element |
Quantum physics (quantum mechanics & quantum field theory) |
| 9 (RLIN) |
8497 |
| 650 #4 - SUBJECT ADDED ENTRY--TOPICAL TERM |
| Topical term or geographic name entry element |
Relativity physics. |
| 9 (RLIN) |
5786 |
| 650 #4 - SUBJECT ADDED ENTRY--TOPICAL TERM |
| Topical term or geographic name entry element |
Theoretical methods. |
| 9 (RLIN) |
8498 |
| 650 #4 - SUBJECT ADDED ENTRY--TOPICAL TERM |
| Topical term or geographic name entry element |
Science. |
| 9 (RLIN) |
6605 |
| 650 #4 - SUBJECT ADDED ENTRY--TOPICAL TERM |
| Topical term or geographic name entry element |
Mathematical Physics. |
| 9 (RLIN) |
8499 |
| 650 #4 - SUBJECT ADDED ENTRY--TOPICAL TERM |
| Topical term or geographic name entry element |
Special relativity (Physics) |
| 9 (RLIN) |
8500 |
| 650 #4 - SUBJECT ADDED ENTRY--TOPICAL TERM |
| Topical term or geographic name entry element |
Relativity. |
| 9 (RLIN) |
8501 |
| 650 #4 - SUBJECT ADDED ENTRY--TOPICAL TERM |
| Topical term or geographic name entry element |
Science / Cosmology. |
| 9 (RLIN) |
8502 |
| 650 #4 - SUBJECT ADDED ENTRY--TOPICAL TERM |
| Topical term or geographic name entry element |
Science / Relativity. |
| 9 (RLIN) |
8503 |
| 700 1# - ADDED ENTRY--PERSONAL NAME |
| Personal name |
Schwarz, John H. |
| 9 (RLIN) |
8504 |
| 942 ## - ADDED ENTRY ELEMENTS (KOHA) |
| Institution code [OBSOLETE] |
SNS |
| Koha item type |
Book |
| Call number prefix |
530.11 SCH |
| Source of classification or shelving scheme |
|